Εισαγωγή στη γεωστατιστική

Αποθηκεύτηκε σε:
Λεπτομέρειες βιβλιογραφικής εγγραφής
Κύριος συγγραφέας: Καπαγερίδης, Ιωάννης Κ.
Μορφή: Βιβλίο
Γλώσσα:Greek
Δημοσίευση: Αθήνα : Ιων, c2006
Θέματα:
Ετικέτες: Προσθήκη ετικέτας
Δεν υπάρχουν, Καταχωρήστε ετικέτα πρώτοι!

MARC

LEADER 00000nam a2200000 i 4500
001 1/52960
008 070829s2006 gre d
020 |a 960-411-551-0 
035 |l 10090151 
040 |a GR-MY-UA  |b gre  |e aacr 
041 0 |a gre 
082 0 |a 551  |2 (22) 
100 1 |a Καπαγερίδης, Ιωάννης Κ. 
245 1 0 |a Εισαγωγή στη γεωστατιστική /  |c Ιωάννης Κ. Καπαγερίδης 
260 |a Αθήνα :   |b Ιων,   |c c2006 
300 |a 238 σ.;  |b σχέδια ;  |c 24 εκ.  
504 |a Περιέχει βιβλιογραφία 
650 0 0 |a Geology  |x Statistical methods. 
650 0 0 |a Kriging. 
852 |a INST  |b LESVOS  |e 20070829  |h 551 ΚΑΠ  |p 005100037708  |q 005100037708  |t BK  |y 0 
901 |a BIBL1-2007-2 
909 |a Λ  |b 136543 
922 |a 1ΕΛΗ  |b 2007-07  |c ΕΠΕΑΕΚ2/ΤΓ  |d Σ. ΠΑΤΑΚΗΣ 
970 |a ΧΑΤΖΗΜΙΧΑΗΛ  |b ΜΑΡΙΑ  |z 2007/08/29